| 000 | 00527nam a2200181Ia 4500 | ||
|---|---|---|---|
| 003 | LK-CoDNM | ||
| 008 | 010623t1923 xxu||||| |||| 00| 1 sin d | ||
| 040 |
_aLK-CoDNM _dLK-CoDNM _eLK-CoDNM |
||
| 041 | _asin | ||
| 080 | _a104 C 8 | ||
| 100 | _aUdaris,T.H. | ||
| 245 | _aශ්රිපාද වන්දනාව සහ ගමන් විස්තරය | ||
| 246 | _aSri Pada Vandanawa and Gaman Vistharaya | ||
| 260 |
_bWijaya _aAmbalangoda _c1923 |
||
| 300 | _b6p, 21 cm | ||
| 650 | _aSri Pada vandana | ||
| 942 | _cBK | ||
| 999 |
_c91930 _d91930 |
||